Beyond knowledge management
Text addresses the theoretical, technical, and managerial issues in knowledge management. For students and business managers. Includes index and references. Softcover, hardcover available. DLC: Knowledge management.
Đã lưu trong:
| Định dạng: | Sách |
|---|---|
| Ngôn ngữ: | Undetermined |
| Được phát hành: |
Hersley, PA
IGP
2003
|
| Những chủ đề: | |
| Các nhãn: |
Thêm thẻ
Không có thẻ, Là người đầu tiên thẻ bản ghi này!
|
| Thư viện lưu trữ: | Trung tâm Học liệu Trường Đại học Cần Thơ |
|---|
| LEADER | 00754nam a2200193Ia 4500 | ||
|---|---|---|---|
| 001 | CTU_102927 | ||
| 008 | 210402s9999 xx 000 0 und d | ||
| 082 | |a 658.4038 | ||
| 082 | |b B573 | ||
| 245 | 0 | |a Beyond knowledge management | |
| 245 | 0 | |c Brian Lehaney ... [et al.] | |
| 260 | |a Hersley, PA | ||
| 260 | |b IGP | ||
| 260 | |c 2003 | ||
| 520 | |a Text addresses the theoretical, technical, and managerial issues in knowledge management. For students and business managers. Includes index and references. Softcover, hardcover available. DLC: Knowledge management. | ||
| 650 | |a Intellectual capital,Creative ability in business,Knowledge management | ||
| 650 | |x Management | ||
| 904 | |i Minh | ||
| 980 | |a Trung tâm Học liệu Trường Đại học Cần Thơ | ||